Revista de la Facultad de Derecho

Bibliographic Details
Format: eBook
Language:Spanish
Subjects:
Online Access:Acceso restringido

MARC

LEADER 00000nam a22000007a 4500
005 20210616215814.0
007 cr|||| ||||
008 210616c20179999pe fr|p s|||| 0|||b1spa d
022 |a 2709-8540 
035 |a 33732 
040 |a vLex 
090 |c 11788  |d 11788 
245 0 0 |a Revista de la Facultad de Derecho  |h [Recurso electrn̤ico] / 
256 |a Servicio en ln̕ea 
300 |a 1 recurso electrn̤ico 
310 |a Semestral 
506 1 |a Disponible solo en los productos indicados  |d vLex Global  |d vLex Global (Academic Edition, excluding Law Schools)  |d vLex Global (U.S. Academic Edition, Law Schools)  |d vLex Global (U.S. Academic Edition, excluding Law Schools)  |d vLex Global (Academic Edition, Law Schools) 
650 0 4 |a Derecho Pb︢lico y Administrativo  |z Per︢ 
740 0 |a vLex Revistas (Servicio en ln̕ea) 
856 4 0 |u https://vlex.com/source/revista-de-la-facultad-de-derecho-33732  |z Acceso restringido 
942 |c REV 
999 0 |a Public and Administrative Law